| 000 | 01067nam a2200241 i 4500 | ||
|---|---|---|---|
| 001 | bg | ||
| 100 | 1 | _aLECH, Ryszard | |
| 245 | 1 | 0 |
_aWprowadzenie do modelowania procesów technologicznych i operacji jednostkowych w ceramice : _bpodstawy / _cRyszard Lech. |
| 260 |
_aKraków : _bAGH Uczelniane Wydawnictwa Naukowo-Dydaktyczne, _c2006. |
||
| 300 |
_a224 s. : _brys., wykr. ; _c24 cm. |
||
| 490 | 1 |
_aSkrypty Uczelniane / Akademia Górniczo-Hutnicza im. Stanisława Staszica w Krakowie, _x0239-6114 ; _v1684 |
|
| 504 | _aBibliogr. przy rozdz. | ||
| 650 | 9 |
_aCeramika _xtechnologia |
|
| 650 | 9 | _aTermodynamika techniczna | |
| 655 | _aPodręczniki akademickie | ||
| 830 | 0 |
_aSkrypty Uczelniane (Akademia Górniczo-Hutnicza im. Stanisława Staszica w Krakowie) ; _v1684 |
|
| 040 | _cBPK | ||
| 041 | 0 | _apol | |
| 080 | _a666.3/.7.01/.09:536.7](075.8) | ||
| 942 | _cKS | ||
| 008 | s pl f |000 0 pol | ||
| 999 |
_c52858 _d52858 |
||
| 856 |
_uhttp://koha.tu.koszalin.pl/cgi-bin/koha/opac-detail.pl?biblionumber=52858 _yKatalog online BPK |
||